00328pab a2200133 454500008004000000100001500040245003300055260000900088300001300097362001100110650001700121650002200138773003400160180718b2021 xxu||||| |||| 00| 0 eng d aRoy, Rahul aMen and their Lakshman Rekha c2021 ap.24-26. a23 Feb aSexual abuse aProtest movements aEconomic and Political Weekly